<?xml version="1.0" encoding="UTF-8"?>
<record
    xmlns:xsi="http://www.w3.org/2001/XMLSchema-instance"
    xsi:schemaLocation="http://www.loc.gov/MARC21/slim http://www.loc.gov/standards/marcxml/schema/MARC21slim.xsd"
    xmlns="http://www.loc.gov/MARC21/slim">

  <leader>00469nam a22001817a 4500</leader>
  <datafield tag="999" ind1=" " ind2=" ">
    <subfield code="c">11061</subfield>
    <subfield code="d">11061</subfield>
  </datafield>
  <controlfield tag="003">OSt</controlfield>
  <controlfield tag="008">220115b           ||||| |||| 00| 0 eng d</controlfield>
  <datafield tag="020" ind1=" " ind2=" ">
    <subfield code="a">978-93-85529-16-0</subfield>
  </datafield>
  <datafield tag="082" ind1=" " ind2=" ">
    <subfield code="a">615.19 SIP</subfield>
  </datafield>
  <datafield tag="100" ind1=" " ind2=" ">
    <subfield code="a">SINGH,Harkishan</subfield>
  </datafield>
  <datafield tag="245" ind1=" " ind2=" ">
    <subfield code="a">Practical Pharmaceutical Chemistry</subfield>
  </datafield>
  <datafield tag="250" ind1=" " ind2=" ">
    <subfield code="a">Rep</subfield>
  </datafield>
  <datafield tag="260" ind1=" " ind2=" ">
    <subfield code="a">Delhi</subfield>
    <subfield code="b">Vallabh Prakashan</subfield>
    <subfield code="c">2021</subfield>
  </datafield>
  <datafield tag="300" ind1=" " ind2=" ">
    <subfield code="a">208</subfield>
  </datafield>
  <datafield tag="650" ind1=" " ind2=" ">
    <subfield code="a">Pharmaceutical Analysis and Quality Assurance</subfield>
  </datafield>
  <datafield tag="700" ind1=" " ind2=" ">
    <subfield code="a">Kapoor,V.K.</subfield>
  </datafield>
  <datafield tag="942" ind1=" " ind2=" ">
    <subfield code="2">ddc</subfield>
    <subfield code="c">BK</subfield>
  </datafield>
  <datafield tag="952" ind1=" " ind2=" ">
    <subfield code="0">0</subfield>
    <subfield code="1">0</subfield>
    <subfield code="2">ddc</subfield>
    <subfield code="4">0</subfield>
    <subfield code="7">0</subfield>
    <subfield code="8">DP</subfield>
    <subfield code="a">PIET</subfield>
    <subfield code="b">PIET</subfield>
    <subfield code="d">2022-01-12</subfield>
    <subfield code="e">Kirthi Prakashan</subfield>
    <subfield code="f">Indian Rup</subfield>
    <subfield code="g">160.00</subfield>
    <subfield code="k">IN3269</subfield>
    <subfield code="l">5</subfield>
    <subfield code="o">615.19 SIP</subfield>
    <subfield code="p">DP977</subfield>
    <subfield code="r">2025-12-22 00:00:00</subfield>
    <subfield code="s">2025-10-10</subfield>
    <subfield code="v">131.20</subfield>
    <subfield code="w">2022-01-11</subfield>
    <subfield code="y">BK</subfield>
  </datafield>
  <datafield tag="952" ind1=" " ind2=" ">
    <subfield code="0">0</subfield>
    <subfield code="1">0</subfield>
    <subfield code="2">ddc</subfield>
    <subfield code="4">0</subfield>
    <subfield code="7">0</subfield>
    <subfield code="8">DP</subfield>
    <subfield code="a">PIET</subfield>
    <subfield code="b">PIET</subfield>
    <subfield code="d">2022-01-12</subfield>
    <subfield code="e">Kirthi Prakashan</subfield>
    <subfield code="f">Indian Rup</subfield>
    <subfield code="g">160.00</subfield>
    <subfield code="k">IN3269</subfield>
    <subfield code="l">5</subfield>
    <subfield code="o">615.19 SIP</subfield>
    <subfield code="p">DP978</subfield>
    <subfield code="q">2026-11-27</subfield>
    <subfield code="r">2026-05-11 14:40:34</subfield>
    <subfield code="s">2026-05-11</subfield>
    <subfield code="v">131.20</subfield>
    <subfield code="w">2022-01-11</subfield>
    <subfield code="y">BK</subfield>
  </datafield>
  <datafield tag="952" ind1=" " ind2=" ">
    <subfield code="0">0</subfield>
    <subfield code="1">0</subfield>
    <subfield code="2">ddc</subfield>
    <subfield code="4">0</subfield>
    <subfield code="7">0</subfield>
    <subfield code="8">DP</subfield>
    <subfield code="a">PIET</subfield>
    <subfield code="b">PIET</subfield>
    <subfield code="d">2022-01-12</subfield>
    <subfield code="e">Kirthi Prakashan</subfield>
    <subfield code="f">Indian Rup</subfield>
    <subfield code="g">160.00</subfield>
    <subfield code="k">IN3269</subfield>
    <subfield code="l">0</subfield>
    <subfield code="o">615.19 SIP</subfield>
    <subfield code="p">DP979</subfield>
    <subfield code="r">2022-01-15 00:00:00</subfield>
    <subfield code="v">131.20</subfield>
    <subfield code="w">2022-01-11</subfield>
    <subfield code="y">REF</subfield>
  </datafield>
</record>
